| 000 | 01690nam0a22003371 4500 | ||
|---|---|---|---|
| 001 | rc\4964182 | ||
| 005 | 20260407145410.0 | ||
| 010 |
_d1 р. 44 к. _92000 |
||
| 021 |
_aRU _b[62-44765ж] |
||
| 035 | _a(NLR Aleph) 008959795 | ||
| 090 |
_a9056729 _c9056729 |
||
| 100 | _a20130426d1962 |||y0rusy50 ca | ||
| 101 | 0 | _arus | |
| 102 | _aRU | ||
| 105 | _aa z ||||| | ||
| 200 | 1 |
_aРедкие элементы в массивах щелочных пород _e[сборник статей _fотв. ред. канд. геол.-минералогич. наук Л.С. Бородин] |
|
| 210 |
_aМосква _cИздательство Академии наук СССР _d1962 |
||
| 215 |
_a248 с. _cил. _d26 |
||
| 225 | 1 |
_aТруды _fАкадемия наук СССР. Институт минералогии, геохимии и кристаллохимии редких элементов _vвып. 9 |
|
| 320 | _aБиблиогр. в конце статей | ||
| 606 | 1 |
_aРедкие элементы _jСборники _91033107 _3RU\NLR\AUTH\66396590 |
|
| 606 | 1 |
_aЩелочные породы _jСборники _xМинералогический состав _91612929 _3RU\NLR\AUTH\66710942 |
|
| 686 | 0 |
_aД451я43 _2rubbk |
|
| 702 | 1 |
_aБородин _bЛ. С. _f1927- _gЛев Сергеевич _4340 |
|
| 712 | 0 | 2 |
_4570 _aИнститут минералогии, геохимии и кристаллохимии редких элементов _cМосква _9541309 _3RU\NLR\AUTH\8810021717 |
| 801 | 0 |
_aRU _bNLR _c20130426 _gpsbo |
|
| 801 | 1 |
_aRU _bELAR _c20130426 _2rusmarc |
|
| 801 | 2 |
_aRU _bNLR _c20141215 _2rusmarc |
|
| 852 |
_aNLR _jП8/292 (вып. 9) |
||
| 942 | _cBOOK | ||
| 980 | _aNB | ||